Bill Withers - Lean on Me lyrics quiz - Statistics

General Stats
  • This quiz has been taken 47 times
  • The average score is 190 of 243
Answer Stats
lyric % Correct
Lean
100%
lean
100%
on
100%
I
97%
me
97%
a
94%
be
94%
When
94%
when
94%
you
94%
You
94%
no
91%
strong
89%
to
89%
your
89%
friend
86%
I'll
86%
not
86%
somebody
86%
We
86%
we
86%
all
83%
And
83%
carry
83%
need
83%
the
83%
you're
83%
in
80%
call
77%
Call
77%
help
77%
hand
74%
For
71%
have
71%
if
71%
If
71%
it
71%
just
71%
sorrow
71%
always
69%
brother
69%
can
69%
our
69%
pain
69%
Sometimes
69%
that
69%
there
69%
But
66%
I'm
66%
won't
66%
are
63%
gonna
63%
lives
63%
long
63%
is
60%
know
60%
tomorrow
54%
you'll
54%
pride
51%
there's
51%
'Till
51%
understand
51%
wise
51%
can't
49%
one
49%
swallow
49%
up
49%
might
46%
Please
46%
of
43%
problem
43%
borrow
40%
let
40%
show
37%
right
34%
share
34%
road
31%
ever
29%
load
29%
needs
29%
bear
23%
things
23%
fill
17%
Those
17%
No matching quizzes found
Score Distribution
Percent of People with Each Score
Percentile by Number Answered
Your Score History
You have not taken this quiz